<?xml version="1.0" encoding="UTF-8"?>
<record
    xmlns:xsi="http://www.w3.org/2001/XMLSchema-instance"
    xsi:schemaLocation="http://www.loc.gov/MARC21/slim http://www.loc.gov/standards/marcxml/schema/MARC21slim.xsd"
    xmlns="http://www.loc.gov/MARC21/slim">

  <leader>00416nam a22001577a 4500</leader>
  <controlfield tag="003">OSt</controlfield>
  <controlfield tag="005">20151118105836.0</controlfield>
  <controlfield tag="008">151118b        xxu||||| |||| 00| 0 eng d</controlfield>
  <datafield tag="040" ind1=" " ind2=" ">
    <subfield code="c">RUA</subfield>
  </datafield>
  <datafield tag="082" ind1=" " ind2=" ">
    <subfield code="a">FIS &#x1799;&#x17B9;&#x1798;1992 B148 Or.1</subfield>
  </datafield>
  <datafield tag="100" ind1=" " ind2=" ">
    <subfield code="9">3852</subfield>
    <subfield code="a">&#x1799;&#x17B9;&#x1798; &#x1787;&#x17B6;</subfield>
  </datafield>
  <datafield tag="245" ind1=" " ind2=" ">
    <subfield code="a">&#x1780;&#x17B6;&#x179A;&#x1785;&#x17B7;&#x1789;&#x17D2;&#x1785;&#x17B9;&#x1798;&#x1780;&#x1784;&#x17D2;&#x1780;&#x17C2;&#x1794;</subfield>
  </datafield>
  <datafield tag="260" ind1=" " ind2=" ">
    <subfield code="a">Phnom Penh</subfield>
    <subfield code="b">RUA</subfield>
    <subfield code="c">1992</subfield>
  </datafield>
  <datafield tag="300" ind1=" " ind2=" ">
    <subfield code="a">56p.</subfield>
    <subfield code="b">ill.</subfield>
    <subfield code="c">29cm.</subfield>
  </datafield>
  <datafield tag="942" ind1=" " ind2=" ">
    <subfield code="2">ddc</subfield>
    <subfield code="c">FOR</subfield>
  </datafield>
  <datafield tag="999" ind1=" " ind2=" ">
    <subfield code="c">3581</subfield>
    <subfield code="d">3581</subfield>
  </datafield>
  <datafield tag="952" ind1=" " ind2=" ">
    <subfield code="0">0</subfield>
    <subfield code="1">0</subfield>
    <subfield code="2">ddc</subfield>
    <subfield code="4">0</subfield>
    <subfield code="6">FIS_&#x1799;&#x17B9;&#x1798;1992_B148_OR_1_000000000000000</subfield>
    <subfield code="7">0</subfield>
    <subfield code="9">17385</subfield>
    <subfield code="a">LBB</subfield>
    <subfield code="b">LBB</subfield>
    <subfield code="c">B148</subfield>
    <subfield code="d">2015-11-18</subfield>
    <subfield code="l">2</subfield>
    <subfield code="o">FIS &#x1799;&#x17B9;&#x1798;1992 B148 Or.1</subfield>
    <subfield code="p">RUA037702</subfield>
    <subfield code="r">2019-11-18</subfield>
    <subfield code="s">2019-11-01</subfield>
    <subfield code="w">2015-11-18</subfield>
    <subfield code="y">FOR</subfield>
  </datafield>
  <datafield tag="952" ind1=" " ind2=" ">
    <subfield code="0">0</subfield>
    <subfield code="1">0</subfield>
    <subfield code="2">ddc</subfield>
    <subfield code="4">0</subfield>
    <subfield code="6">FIS_&#x1799;&#x17B9;&#x1798;1992_B148_OR_2_000000000000000</subfield>
    <subfield code="7">0</subfield>
    <subfield code="9">17386</subfield>
    <subfield code="a">LBB</subfield>
    <subfield code="b">LBB</subfield>
    <subfield code="c">B148</subfield>
    <subfield code="d">2015-11-18</subfield>
    <subfield code="l">4</subfield>
    <subfield code="m">1</subfield>
    <subfield code="o">FIS &#x1799;&#x17B9;&#x1798;1992 B148 Or.2</subfield>
    <subfield code="p">RUA037670</subfield>
    <subfield code="r">2019-12-07</subfield>
    <subfield code="s">2019-12-06</subfield>
    <subfield code="w">2015-11-18</subfield>
    <subfield code="y">FOR</subfield>
  </datafield>
</record>
